• 首页
  • 本馆介绍
  • 公告通知
  • 最新文献
  • 馆藏检索
  • 电子资源
  • 读者导购
  • 参考咨询
  • 我的图书馆
  • 登录
  • 详细信息显示
  • 放入我的书架
  • 预约/预借图书
  • 作者相关作品
  • 分类相关作品
  • 丛书相关作品
  • 出版社相关作品

书目信息

  • 表格格式
  • 工作单格式
  • 卡片格式
题名:
灾后青少年心理重建的社会工作研究
    
 
作者: 刘斌志 著
分册:  
出版信息: 北京   人民出版社  2017
页数: 324页
开本: 24cm
丛书名:
单 册:
中图分类: B845.67
科图分类:
主题词: 灾害--青少年--心理康复--社会工作--研究--中国
电子资源:
ISBN: 978-7-01-017908-7
000 01013nam0 2200229 450
001 5393
005 20180528202115.00
010    @a978-7-01-017908-7@dCNY48.00
100    @a20180217d2017 em y0chiy50 ea
101 0  @achi
102    @aCN@b110000
105    @ay z 000yy
200 1  @a灾后青少年心理重建的社会工作研究@9zai hou qing shao nian xin li chong jian de she hui gong zuo yan jiu@f刘斌志著
210    @a北京@c人民出版社@d2017
215    @a324页@d24cm
300    @a国家社科基金资助项目成果
330    @a本书从社会工作视野出发,在对国内外相关研究经验进行梳理和借鉴的基础上,通过对地震灾后青少年创伤心理状况进行问卷调查与深入访谈,从全人健康的视野出发分析了灾后青少年及其家庭面临的状况及其需求,利用优势社会工作的理论框架探讨了社会工作介入灾后青少年心理重建的理念原则、服务模式、服务方法以及具体技巧。
606 0  @a灾害@x青少年@x心理康复@x社会工作@x研究@y中国
690    @aB845.67@v5
701  0 @a刘斌志@9liu bin zhi@c(社会工作)@4著
801  0 @aCN@b91MARC@c20180217
905    @aMuseLib@dB845.67@e2323
    
    灾后青少年心理重建的社会工作研究/刘斌志著.-北京:人民出版社,2017
    324页;24cm
    国家社科基金资助项目成果
    
    ISBN 978-7-01-017908-7:CNY48.00
    本书从社会工作视野出发,在对国内外相关研究经验进行梳理和借鉴的基础上,通过对地震灾后青少年创伤心理状况进行问卷调查与深入访谈,从全人健康的视野出发分析了灾后青少年及其家庭面临的状况及其需求,利用优势社会工作的理论框架探讨了社会工作介入灾后青少年心理重建的理念原则、服务模式、服务方法以及具体技巧。
●
相关链接 在E读中查询图书 在五车中查询图书 在当当中查询图书 在豆瓣中查询图书


正题名:灾后青少年心理重建的社会工作研究     索取号:B845.67/2323         预约/预借

序号 登录号 条形码 馆藏地/架位号 状态 备注
1 1113107   211131078   第一样本阅览室/ [索取号:B845.67/2323] 在馆    
2 1113108   211131087   教育系资料室/ [索取号:B845.67/2323] 在馆    
3 1113109   211131096   教育系资料室/ [索取号:B845.67/2323] 在馆    
4 1113110   211131103   第一借阅区/ [索取号:B845.67/2323] 在馆    
唐山师范学院图书馆 欢迎您!
大连网信软件有限公司© 版权所有